00540nam a2200145 a 450000100100000000500170001000800410002704000250006804100080009311000240010124500510012526000520017630000240022850001420025200001588320200929164204.0100222s1967 dr 000 0 spa d aDO-SdBNPbspacBNPHU17aeng1 aDominican Republic.10aConstitution of the Dominican Republic (1966). aWashington, D. C. :bPan American Union,c1967. aiv, 28 p. ;c28 cm. aThis constitution, which supersedes the one of September 16, 1962, is translated from the text distributed by the Junta Central Electoral